000 00303nam a2200121Ia 4500
005 20251222144815.0
008 251222s9999||||xx |||||||||||||| ||spa||
082 _a338.20985/M61
245 0 _aPropuesta para una Nueva Educación
250 _a1ra.ed.
264 _bMiniterio de Educación
942 _cLIB
999 _c20277
_d20277